000 00696nam a2200241Ia 4500
005 20260430150306.0
008 008 250103s9999 xx 000 0 eng d
037 _aTheses
040 _aCRL
040 _beng
040 _ceng
041 _2eng
041 _aeng
084 _qCRL
100 _aMishra Vishal Au.; Singh Ravindra Gu.
_91237052
245 0 _aSocial Work Intervention with Adolescents in Correctional Settings : A Study in the Observation Homes of New Delhi
260 _c2023
300 _a249
650 _aSocial Sciences
700 _aUniversity of Delhi. Faculty of Social Sciences. Deptt of Social work
_91237053
942 _cTH
999 _c1849433
_d1849433